España y los países musulmanes durante el ministerio de Floridablanca / (Record no. 46844)

MARC details
000 -LEADER
campo de control de longitud fija 01054nam a2200265 i 4500
001 - NÚMERO DE CONTROL
campo de control 46844
003 - IDENTIFICADOR DE NÚMERO DE CONTROL
campo de control ES-MaACL
005 - FECHA Y HORA DE LA ÚLTIMA TRANSACCIÓN
campo de control 20250902103423.0
007 - CAMPO FIJO DE DESCRIPCIÓN FÍSICA--INFORMACIÓN GENERAL
campo de control de longitud fija t|
008 - DATOS DE LONGITUD FIJA--INFORMACIÓN GENERAL
campo de control de longitud fija 030401s1909 sp ||||1| spa d
080 ## - NÚMERO DE LA CLASIFICACIÓN DECIMAL UNIVERSAL
Número de la Clasificación Decimal Universal 327(460:5/6=411.21)"17"
080 ## - NÚMERO DE LA CLASIFICACIÓN DECIMAL UNIVERSAL
Número de la Clasificación Decimal Universal 327(5/6=411.21)"17"
100 1# - ENTRADA PRINCIPAL--NOMBRE DE PERSONA
Nombre de persona Conrotte, Manuel.
9 (RLIN) 40223
245 10 - MENCIÓN DEL TÍTULO
Título España y los países musulmanes durante el ministerio de Floridablanca /
Mención de responsabilidad, etc. por Manuel Conrotte.
260 ## - PUBLICACIÓN, DISTRIBUCIÓN, ETC.
Lugar de publicación, distribución, etc. Madrid :
Nombre del editor, distribuidor, etc. Real Sociedad Geográfica,
Fecha de publicación, distribución, etc. 1909 (
Fabricante Imp. del Patronato de Huérfanos de Administración Militar)
300 ## - DESCRIPCIÓN FÍSICA
Extensión 428 p., [3] h. de lám. ;
Dimensiones 24 cm.
490 1# - MENCIÓN DE SERIE
Mención de serie Publicaciones de la Real Sociedad Geográfica
600 14 - PUNTO DE ACCESO ADICIONAL DE MATERIA--NOMBRE DE PERSONA
Nombre de persona Floridablanca, José Moñino
Títulos y otros términos asociados al nombre , Conde de.
9 (RLIN) 51333
651 #4 - PUNTO DE ACCESO ADICIONAL DE MATERIA--NOMBRE GEOGRÁFICO
Nombre geográfico España-
Subdivisión general Relaciones-
Subdivisión geográfica Países musulmanes.
9 (RLIN) 171828
651 #4 - PUNTO DE ACCESO ADICIONAL DE MATERIA--NOMBRE GEOGRÁFICO
Nombre geográfico Países musulmanes-
Subdivisión general Relaciones-
Subdivisión geográfica España.
9 (RLIN) 171829
710 2# - ENTRADA AGREGADA--NOMBRE DE ENTIDAD CORPORATIVA
Nombre de entidad corporativa o nombre de jurisdicción como elemento de entrada Real Sociedad Geográfica
9 (RLIN) 6403
830 1# - PUNTO DE ACCESO ADICIONAL DE SERIE-TÍTULO UNIFORME
Título uniforme Publicaciones de la Real Sociedad Geográfica
9 (RLIN) 182474
852 ## - LOCALIZACIÓN
Ubicación ES-MaACL
Número de control de estantería C-1147
Holdings
Estatus retirado Estado de pérdida Estado de daño No para préstamo Biblioteca de origen Biblioteca actual Ubicación en estantería Fecha de adquisición Fuente de adquisición Total de préstamos Signatura topográfica completa Código de barras Visto por última vez Precio de reemplazo Tipo de ítem Koha
        Biblioteca del Ateneo de Madrid Biblioteca del Ateneo de Madrid Sala Palomar 17/01/2008     C-1147 1049268 23/02/2023 23/02/2023 Libro impreso